000 00765nam a2200193 i 4500
001 86939
003 ES-MaACL
005 20230906175544.0
007 t|
008 041216s1959 sp ||||1| spa d
100 1 _aKollmann, Franz.
_968522
245 1 0 _aTecnologĂ­a de la madera y sus aplicaciones /
_cpor Franz Kollmann ; traducida por el Instituto Forestal de Investigaciones y Experiencias, y el Servicio de la Madera.
260 _aMadrid :
_bInstituto Forestal de Investigaciones y Experiencias,
_c1959.
300 _aXX, 675 p. :
_bil. ;
_c25 cm.
650 4 _aMadera-
_xTrabajo.
_914722
710 2 _aInstituto Forestal de Investigaciones y Experiencias.
_95059
710 2 _aServicio de la Madera (Madrid)
_96579
852 _aES-MaACL
_jP-746-bis
_bR.53178
999 _c86939
_d86939